000 00794njm a2200277Ia 4500
001 64673
003 IT-RoPAU
005 20220918181132.0
008 131025s9999 xx 000 0 und d
040 _aIT-RoPAU
040 _cIT-RoPAU
041 _aFRANCESE
999 _c100655
_d100655
999 _bn.d.
100 _aLaurentin René
_923448
100 _eAutore testo
_923449
100 _gCodice autore testo SPICS: 15018
_923450
245 _aMarie dans la foi catholique. Les sources: ecriture et tradition (deuxieme partie)
250 _a1a ed.
260 _aPARIS
260 _bAPOSTOLAT DES EDITIONS
300 _aMUSICASSETTA
300 _c60 minuti (Testo: pag.)
500 _aParlato. Meditazione.
650 _aMEDITAZIONI [CASSETTE]
_eCodice MATERIA SPICS: 9951
_923451
942 _cMC
_2ddc